00550nam a2200205 a 4500001001500000003000400015005001700019008004100036020001800077040001000095082001300105100001600118245006700134260004400201300002100245650002200266650002400288700001700312700001500329ASIN0198084560OSt20150408114143.0130927s2013 xxu eng d a9789350143834 aMa-Un04a629.83121 a Panda, S. 10aControl Systems Engineering /cS. Panda, S. Padhy and S.R. Das aNew Delhi:bS. K. Kataria & Sonsc2013. a357 p. ;c25 cm. 0aAutomatic control 0aSystems engineering aPadhy , S. . a Das S. R.